<?xml version="1.0" encoding="UTF-8"?>
<collection xmlns="http://www.loc.gov/MARC21/slim">
 <record>
  <leader>00545nam a22001695a 4500</leader>
  <controlfield tag="001">EHU.bham008206</controlfield>
  <controlfield tag="003">AR-BHAM</controlfield>
  <controlfield tag="005">19000101000000.0</controlfield>
  <controlfield tag="008">130507s1956##################000#0#####d</controlfield>
  <datafield tag="082" ind1="8" ind2="6">
   <subfield code="a">862.4</subfield>
  </datafield>
  <datafield tag="100" ind1="1" ind2=" ">
   <subfield code="a">Saavedra Y Ramirez De Baquedano, Angel</subfield>
  </datafield>
  <datafield tag="245" ind1="1" ind2="0">
   <subfield code="a">Obras completas [saavedra] /</subfield>
   <subfield code="c">Angel Saavedra Y Ramirez De Baquedano.</subfield>
  </datafield>
  <datafield tag="260" ind1=" " ind2=" ">
   <subfield code="a">Madrid :</subfield>
   <subfield code="b">Aguilar,</subfield>
   <subfield code="c">1956</subfield>
  </datafield>
  <datafield tag="300" ind1=" " ind2=" ">
   <subfield code="a">1647 p.</subfield>
  </datafield>
  <datafield tag="500" ind1=" " ind2=" ">
   <subfield code="a">Material Extraviado</subfield>
  </datafield>
  <datafield tag="653" ind1=" " ind2=" ">
   <subfield code="a">Teatro espaÑol-1701-1800</subfield>
  </datafield>
  <datafield tag="859" ind1=" " ind2=" ">
   <subfield code="a">AR-BHAM</subfield>
   <subfield code="b">BIB. HUMANIDADES - No Disponible</subfield>
   <subfield code="h">862.4</subfield>
   <subfield code="i">SA11</subfield>
   <subfield code="p">158.73</subfield>
   <subfield code="t">Ej.1</subfield>
  </datafield>
 </record>
</collection>
